000 00257nam a22001097a 4500
999 _c166336
_d166336
082 _a
_b
100 _aSmita Bhutani
245 _aDemographic dynamism in India/
_cby Smita Bhutani.
260 _aNew Delhi:
_bDiscovery,
_c1995.
650 _a
942 _cBK